Kusadikika : a country in the sky / (Record no. 43540)
[ view plain ]
| 000 -LEADER | |
|---|---|
| fixed length control field | 00780nam a22002531a 4500 |
| 001 - CONTROL NUMBER | |
| control field | 1259811 |
| 005 - DATE AND TIME OF LATEST TRANSACTION | |
| control field | 20110718134043.0 |
| 008 - FIXED-LENGTH DATA ELEMENTS--GENERAL INFORMATION | |
| fixed length control field | 771019s1973 ke a 000 1 eng |
| 010 ## - LIBRARY OF CONGRESS CONTROL NUMBER | |
| LC control number | 73980044 |
| 035 ## - SYSTEM CONTROL NUMBER | |
| -- | (DLC) 73980044 |
| 040 ## - CATALOGING SOURCE | |
| Original cataloging agency | DLC |
| Transcribing agency | DLC |
| Modifying agency | DLC |
| 041 1# - LANGUAGE CODE | |
| Language code of text/sound track or separate title | engswa |
| 050 00 - LIBRARY OF CONGRESS CALL NUMBER | |
| Classification number | PZ 4.R64 1966 |
| Item number | PZ 4.R64 1966 |
| Classification number | PZ 4.R64 1966 |
| 100 ## - MAIN ENTRY--PERSONAL NAME | |
| Personal name | Robert, bin Shaaban |
| 240 10 - UNIFORM TITLE | |
| Language of a work | English |
| 245 10 - TITLE STATEMENT | |
| Title | Kusadikika : a country in the sky / |
| Medium | [Text] |
| 260 ## - PUBLICATION, DISTRIBUTION, ETC. (IMPRINT) | |
| Place of publication, distribution, etc | Nairobi |
| Name of publisher, distributor, etc | East African Literature |
| Date of publication, distribution, etc | c1966 |
| 300 ## - PHYSICAL DESCRIPTION | |
| Extent | viii;67 p. : ill |
| 500 ## - GENERAL NOTE | |
| General note | Translated from Swahili. |
| 600 ## - SUBJECT ADDED ENTRY--PERSONAL NAME | |
| Personal name | Swahili Fiction |
| 600 ## - SUBJECT ADDED ENTRY--PERSONAL NAME | |
| Personal name | Swahili Language - Texts |
| 906 ## - LOCAL DATA ELEMENT F, LDF (RLIN) | |
| a | 7 |
| b | cbc |
| c | orignew |
| d | 4 |
| e | ncip |
| f | 19 |
| g | y-gencatlg |
| 991 ## - | |
| -- | c-GenColl |
| -- | PZ4.R64 |
| -- | Ku 1973 |
| -- | 00021349161 |
| -- | Copy 1 |
| -- | BOOKS |
| Withdrawn status | Lost status | Source of classification or shelving scheme | Damaged status | Not for loan | Collection code | Home library | Current library | Shelving location | Date acquired | Source of acquisition | Cost, normal purchase price | Full call number | Barcode | Date last seen | Copy number | Price effective from | Koha item type |
|---|---|---|---|---|---|---|---|---|---|---|---|---|---|---|---|---|---|
| Library of Congress Classification | Special Collection | AIU/NEGST - Tony Wilmot Memorial Library | AIU/NEGST - Tony Wilmot Memorial Library | Special Collection | 02/17/2010 | Donation- SIL | 8.00 | S PZ 4.R64 1966 | R41222J3232 | 09/26/2019 | 1 | 02/17/2010 | Africana Collection (Special) |
